000 00489nam a2200181Ia 4500
008 240925s9999 xx 000 0 und d
020 _a9781292112763
082 _a658.4092 HIL
100 _aHill, Andrew
245 0 _aLeadership in the headlines: insider insights into how leaders lead
250 _aNA
260 _aLondon:
_bPearson education
_c,2016.
300 _a123p.
_b0
_fOriginal
500 _aIncludes Index
600 _aManagement
650 _aManagement
942 _cBK
999 _c17578
_d17578